Captain Tsubasa Character First Names - Statistics

General Stats
  • This quiz has been taken 25 times
  • The average score is 17 of 24
Answer Stats
Country Last Name First Name % Correct
Japan Ozora Tsubasa
100%
Japan Wakabayashi Genzo
90%
Japan Misugi Jun
90%
Japan Hyuga Kojiro
90%
Germany Schneider Karl Heinz
85%
Japan Misaki Taro
85%
Japan Sawada Takeshi
80%
Japan Tachibana Kazuo
75%
Japan Tachibana Masao
75%
Japan Ishizaki Ryo
75%
Japan Nitta Shun
75%
Japan Jito Hiroshi
70%
Argentina Diaz Juan
70%
Japan Soda Makoto
70%
Japan Matsuyama Hikaru
65%
Germany Muller Deuter
60%
France Pierre Elle Sid
60%
Argentina Pascal Alan
55%
Germany Schester Franz
55%
Germany Kaltz Hermann
55%
France Napoleon Louis
55%
Uruguay Victorino Ramon
55%
Italy Hernandez Zino
55%
Germany Margus Manfred
40%
No matching quizzes found
Score Distribution
Percent of People with Each Score
Percentile by Number Answered
Your Score History
You have not taken this quiz